Responses for show #7522 - Tuesday, May 2, 2017

Alan Lin game 7.

Contestants

Liz Fischer, an attorney from Philadelphia, Pennsylvania

Chris Burke, a social studies teacher from Toms River, New Jersey

Alan Lin, a software engineer from Santa Barbara, California (whose 6-day cash winnings total $123,600)

Jeopardy! Round responses

U.S. GEOGRAPHY
WRITERS ON FILM
AND SO IT GOES
WHAT ARE YOU MADE OF?
SCIENCE & NATURE
PUNNY KNIGHTS
(Alex: This is a different kind of category. I'll give you an example of something. "This knight is always giving up." "Who is Sir Render?")
    $200 6
San Francisco Bay

Alan
    $200 10
Gwyneth Paltrow

Liz
    $200 21
Andorra

Chris
    $200 25
corn

Chris
    $200 16
wine

Chris
    $200 1
Sir Prise (surprise)

Chris
    $400 7
West Virginia

Chris
    $400 11
(Allen) Ginsberg

Alan
    $2,000 22
ampersand

Chris
    $400 26
raspberries

Liz
    $400 17
chromosomes

Alan
    $400 2
Sir Pent (serpent)

Alan
    $600 8
the Great Salt Lake

Alan
    $600 13
(Truman) Capote

Alan
    $600 23
The Talking Heads

Triple Stumper
    $600 27
Oreos

Chris
    $600 18
(Alan: What is mumps?)

measles

AlanChris
    $600 3
Sir Cumstantial (circumstantial)

Liz
    $800 9
Montana

Liz
    $800 14
Gertrude Stein

Liz
    $800 24
Andromeda

Triple Stumper
    $800 28
sesame seeds

Liz
    $800 19
tungsten

Chris
    $800 4
Sir Loin (sirloin)

Chris
    $1000 12
the Snake River

Liz
    $1000 15
Eugene O'Neill

Triple Stumper
    $1000 30
andante

Alan
    $1000 29
buckwheat

Chris
    $1000 20
a cottonwood

Alan
    $1000 5
Sir Ly (surly)

Chris

Scores at the first commercial break (after clue 15):

Alan Chris Liz
$2,200 $2,400 $3,400

Scores at the end of the Jeopardy! Round:

Alan Chris Liz
$4,000 $8,000 $4,600

Double Jeopardy! Round responses

PORTMANTEAU WORDS
PRESIDENTIAL KIDS
ART "C"
BYE LINES
GIMME SHELTER
THIS IS PBS
    $400 11
plum and apricot

Alan
    $400 17
JFK Jr.

Liz
    $400 10
Chicago

Chris
    $400 30
sweet sorrow

Liz
    $400 29
a barn

Liz
    $400 13
Austin

Chris
    $800 8
(Liz: What is manage?)
(Alex: Be--)
(Liz: Her child?)
(Alex: Give a little more.)

manage a stage child (get them in show business)

Liz
    $800 1
Jefferson

Liz
    $800 9
charcoal

Liz
    $800 26
Lord Byron

Alan
    $800 16
a castle

Chris
    $800 28
Antiques Roadshow

Triple Stumper
    $1200 12
a charity

Liz
    $1200 5
Jeb Bush

Alan
    $1200 2
(Nathaniel) Currier

Liz
    $1200 23
The Sound of Music

Alan
    $1200 18
a tent

Chris
    $1200 21
Yakov Smirnoff

Triple Stumper
    $1600 14
sheeple

Chris
    $3,000 6
(Alan: Who is... hmm.)
(Alex: Hurry.)

John Quincy Adams

Alan
    $6,600 3
(Paul) C├ęzanne

Liz
    $1600 24
Tipperary

Liz
    $1600 19
(Liz: What is a wigwam?)

a lodge

AlanLiz
    $1600 22
Charlie Rose

Triple Stumper
    $2000 15
Oxbridge

Alan
    $2000 7
(Liz: Who is Fillmore?)

James Garfield

Liz
Triple Stumper
    $2000 4
chiaroscuro

Alan
    $2000 25
Emily Dickinson

Triple Stumper
    $2000 20
Under the Overpass

Triple Stumper
    $2000 27
(Liz: What is Carnegie Hall?)
...
(Alex: We have very little time left.)

Live from Lincoln Center

Liz
Triple Stumper

Scores at the end of the Double Jeopardy! Round:

Alan Chris Liz
$10,200 $12,400 $13,200

[wagering suggestions for these scores]

Final Jeopardy! Round responses

MYTHOLOGY
AlanWho is Pandora
$8,500
ChrisWho is Hera
$12,000
LizWho is Pandora?
$12,401
Pandora

Final scores:

Alan Chris Liz
$18,700 $400 $25,601
2nd place: $2,000 3rd place: $1,000 New champion: $25,601

Game dynamics:

Coryat scores:

Alan Chris Liz
$13,200 $10,800 $8,200
15 R,
2 W
(including 1 DD)
17 R
(including 1 DD),
0 W
17 R
(including 1 DD),
3 W

Combined Coryat: $32,200

The J! Archive is created by fans, for fans. The Jeopardy! game show and all elements thereof, including but not limited to copyright and trademark thereto, are the property of Jeopardy Productions, Inc. and are protected under law. This website is not affiliated with, sponsored by, or operated by Jeopardy Productions, Inc. Join the discussion at JBoard.tv.